000 00527nam a2200181Ia 4500
005 20250508163359.0
008 008 250505s9999 xx 000 0 eng d
037 _aTextual
040 _aFEDL
_beng
_cFEDL
041 _aeng
_2eng
084 _a370, BHA
_qFEDL
100 _aBhatia S. C.
245 0 _aIdentifying alternate educational needs of a city
260 _aDelhi, India
_bAdult Continuing Education and Extension
_c1983
300 _avii,96p.
942 _cTEXL
_h370, BHA
999 _c1382687
_d1382687